Statistics for 《古诗十九首》篇目(即其首句)

Click here to take the quiz!

General Stats

  • This quiz has been taken 10 times
  • The average score is 4 of 19

Answer Stats

标题 (首句)第二句% Correct
迢迢牵牛星皎皎河汉女
60%
庭中有奇树绿叶发华滋
40%
生年不满百常怀千岁忧
40%
涉江采芙蓉兰泽多芳草
40%
青青河畔草郁郁园中柳
30%
去者日以疏生者日已亲
20%
行行重行行与君生别离
20%
冉冉孤生竹结根泰山阿
20%
西北有高楼上与浮云齐
20%
今日良宴会欢乐难具陈
20%
明月皎夜光促织鸣东壁
10%
回车驾言迈悠悠涉长道
10%
东城高且长逶迤自相属
10%
驱车上东门遥望郭北墓
10%
青青陵上柏磊磊涧中石
10%
凛凛岁云暮蝼蛄夕鸣悲
10%
孟冬寒气至北风何惨栗
10%
客从远方来遗我一端绮
10%
明月何皎皎照我罗床纬
10%

Score Distribution

Percentile by Number Answered

Percent of People with Each Score

Your Score History

You have not taken this quiz